000 01224nam a22002297a 4500
999 _c62708
_d62708
003 Ge_BSU
005 20250128124532.0
008 250128s2019 ge ||||| |||| 00| 0 geo d
020 _a9789941255847
041 _ageo
080 _a94(=353.1)(55) : 821.353.1-94 ზ-86
100 _aზოსიძე, ნიაზ
_914044
245 _aგომარჯოს ფერეიდანს :
_b[ფერეიდნელი ქართველები] /
_cნიაზ ზოსიძე; რედაქტორი ზაზა შაშიკაძე; გარეკანის დიზაინი გიორგი შარაშიძე.
264 _aთბილისი :
_bმერიდიანი,
_c2019.
300 _a250 გვ. :
_b ფოტ. ;
_c 20 სმ.
653 _aქართველები ირანში
653 _aფერეიდნელი ქართველები
700 _aშაშიკაძე, ზაზა
_eრედაქტორი
_924152
700 _aშარაშიძე, გიორგი
_eგარეკანის დიზაინერი
_917229
773 _tნაჩუქარი
942 _2udc
_cᲬᲘᲒᲜᲘ